Normal view
MARC view
- Paul N P
Entry Personal Name
001 - CONTROL NUMBER
- control field: 6266
003 - CONTROL NUMBER IDENTIFIER
- control field: OSt
005 - DATE AND TIME OF LATEST TRANSACTION
- control field: 20240812113516.0
008 - FIXED-LENGTH DATA ELEMENTS
- fixed length control field: 240812|| aca||aabn | a|a d
040 ## - CATALOGING SOURCE
- Original cataloging agency: OSt
- Transcribing agency: OSt
100 ## - HEADING--PERSONAL NAME
- Personal name: Paul N P
670 ## - SOURCE DATA FOUND
- Source citation: Work cat.: (OSt)18104: Paul N P, Development of fibre fortified bread using banana peel powder /, 2024.
